Úlohy a postavenie controllera v podniku
Úloha kontrolingu a základné princípy práce kontrolóra v konkrétnom podniku. Systémy a pravidlá spracovania správ o podniku. Zodpovednosť kontrolóra podľa Medzinárodného združenia pre kontroling.
Salvato in:
| Autore principale: | |
|---|---|
| Natura: | Capitolo di libro |
| Lingua: | slovacco |
| Soggetti: | |
| Tags: |
Nessun Tag, puoi essere il primo ad aggiungerne!!
|
MARC
| LEADER | 00000naa$a2200000$$$4500 | ||
|---|---|---|---|
| 001 | 0181223 | ||
| 005 | 20240502073116.2 | ||
| 041 | 0 | |a slo | |
| 044 | |a SK | ||
| 245 | 1 | 0 | |a Úlohy a postavenie controllera v podniku |c Ľubica Foltínová |
| 520 | |a Úloha kontrolingu a základné princípy práce kontrolóra v konkrétnom podniku. Systémy a pravidlá spracovania správ o podniku. Zodpovednosť kontrolóra podľa Medzinárodného združenia pre kontroling. | ||
| 610 | 2 | 0 | |a kontroling |
| 610 | 2 | 0 | |a kontrolóri |
| 610 | 2 | 0 | |a metódy riadenia |
| 610 | 2 | 0 | |a metódy organizácie |
| 610 | 2 | 0 | |a strediská zodpovednostné |
| 610 | 2 | 0 | |a predpisy organizačné |
| 100 | 1 | |a Foltínová, Ľubica, 1975- | |